Plant design and economics for chemical engineers (Record no. 26086)

000 -LEADER
fixed length control field 00574nam a22002057a 4500
001 - CONTROL NUMBER
control field 26086
003 - CONTROL NUMBER IDENTIFIER
control field BD-DhUET
008 - FIXED-LENGTH DATA ELEMENTS--GENERAL INFORMATION
fixed length control field 150518b xxu||||| |||| 00| 0 eng d
040 ## - CATALOGING SOURCE
Original cataloging agency DLC
Transcribing agency DLC
Modifying agency BD-DhUET
082 ## - DEWEY DECIMAL CLASSIFICATION NUMBER
Classification number 660.28
Item number PET/1968
100 ## - MAIN ENTRY--PERSONAL NAME
Personal name Peters, Max S.
245 ## - TITLE STATEMENT
Title Plant design and economics for chemical engineers
250 ## - EDITION STATEMENT
Edition statement 2nd ed.
260 ## - PUBLICATION, DISTRIBUTION, ETC. (IMPRINT)
Place of publication, distribution, etc. Tokyo
Name of publisher, distributor, etc. McGraw-Hill Kogakusha
Date of publication, distribution, etc. 1968
300 ## - PHYSICAL DESCRIPTION
Extent 850p.
Other physical details ill.
490 ## - SERIES STATEMENT
Series statement McGraw-Hill chemical engineering series
650 #0 - SUBJECT ADDED ENTRY--TOPICAL TERM
Topical term or geographic name as entry element Design : Chemical engineering
700 ## - ADDED ENTRY--PERSONAL NAME
Personal name Timmerhaus, Klaus D.
942 ## - ADDED ENTRY ELEMENTS (KOHA)
Koha item type General Book
Holdings
Damaged status Piece designation (barcode) Lost status Date acquired Location (home branch) Source of classification or shelving scheme Sublocation or collection (holding branch) Copy number Price effective from Koha normalized classification for sorting Koha full call number Shelving location Not for loan Withdrawn status Koha date last seen Koha item type
 17893 2015-05-18Central Library, BUET Central Library, BUET12015-05-18660_280000000000000_PET_1968660.28/PET/1968Circulation section  2015-05-18General Book
 54701 2015-05-18Central Library, BUET Central Library, BUET22015-05-18660_280000000000000_PET_1968660.28/PET/1968Circulation section  2015-05-18General Book
 32144 2015-05-23Central Library, BUET Central Library, BUET32015-05-23660_280000000000000_PET_1968660.28/PET/1968Circulation section  2015-05-23General Book
 32147 2015-06-18Central Library, BUET Central Library, BUET42015-06-18660_280000000000000_PET_1968660.28/PET/1968Reading section  2015-06-18Reading Item
 15597 2015-06-20Central Library, BUET Central Library, BUET52015-06-20660_280000000000000_PET_1968660.28/PET/1968Reading section  2015-06-20Reading Item
 17895 2015-06-20Central Library, BUET Central Library, BUET62015-06-20660_280000000000000_PET_1968660.28/PET/1968Reading section  2015-06-20Reading Item
 32145 2015-06-20Central Library, BUET Central Library, BUET72015-06-20660_280000000000000_PET_1968660.28/PET/1968Reading section  2015-06-20Reading Item
 24428 2015-06-28Central Library, BUET Central Library, BUET82015-06-28660_280000000000000_PET_1968660.28/PET/1968Reading section  2015-06-28Reading Item
 32146 2015-06-28Central Library, BUET Central Library, BUET92015-06-28660_280000000000000_PET_1968660.28/PET/1968Reading section  2015-06-28Reading Item
 24430 2015-06-28Central Library, BUET Central Library, BUET102015-06-28660_280000000000000_PET_1968660.28/PET/1968Reading section  2015-06-28Reading Item
 16642 2015-06-29Central Library, BUET Central Library, BUET112015-06-29660_280000000000000_PET_1968660.28/PET/1968Reading section  2015-06-29Reading Item